[Event "DVM U20 2017"]
[Site "Düsseldorf GER"]
[Date "2017.12.28"]
[Round "3"]
[White "Martin, Julian"]
[Black "Ruff, Maximilian"]
[Result "0-1"]
[Termination "normal"]
[Board "1.1"]
[WhiteTitle "FM"]
[BlackTitle "FM"]
[WhiteElo "2429"]
[BlackElo "2280"]
[WhiteClock "00:02:14"]
[BlackClock "00:13:24"]
[WhiteTeam "OSG Baden-Baden"]
[BlackTeam "SF Sasbach"]
[PlyCount "60"]
[WhiteFideId "12941000"]
[BlackFideId "1271670"]
[EventCountry "GER"]
[EventRounds "7"]
[EventType "team-swiss"]
[EventDate "2017.12.26"]

1. e4 {[%clk 1:30:14]} c5 {[%clk 1:30:37]} 2. Nf3 {[%clk 1:30:35]} a6 {[%clk
1:31:03]} 3. c4 {[%clk 1:30:39]} Nc6 {[%clk 1:31:19]} 4. d4 {[%clk 1:31:04]}
cxd4 {[%clk 1:31:44]} 5. Nxd4 {[%clk 1:31:25]} e5 {[%clk 1:32:04]} 6. Nf5
{[%clk 0:47:51]} d5 {[%clk 1:32:08]} 7. cxd5 {[%clk 0:47:22]} Bxf5 {[%clk
1:32:31]} 8. exf5 {[%clk 0:47:26]} Nd4 {[%clk 1:32:54]} 9. Nc3 {[%clk 0:44:45]}
Nf6 {[%clk 1:32:59]} 10. g4 {[%clk 0:35:23]} Nxd5 {[%clk 1:15:59]} 11. Bg2
{[%clk 0:31:47]} Bb4 {[%clk 1:14:57]} 12. Bd2 {[%clk 0:28:52]} Nf4 {[%clk
1:11:35]} 13. Bxf4 {[%clk 0:28:52]} exf4 {[%clk 1:11:58]} 14. O-O {[%clk
0:28:05]} O-O {[%clk 1:11:09]} 15. Nd5 {[%clk 0:27:12]} Bc5 {[%clk 1:06:47]}
16. Nxf4 {[%clk 0:20:13]} Qg5 {[%clk 1:02:56]} 17. Nd5 {[%clk 0:18:13]} h5
{[%clk 0:47:01]} 18. Rc1 {[%clk 0:15:34]} Qxc1 {[%clk 0:44:39]} 19. Qxc1 {[%clk
0:15:27]} Ne2+ {[%clk 0:45:05]} 20. Kh1 {[%clk 0:15:51]} Nxc1 {[%clk 0:45:31]}
21. Rxc1 {[%clk 0:16:15]} Bxf2 {[%clk 0:42:25]} 22. f6 {[%clk 0:09:29]} hxg4
{[%clk 0:33:30]} 23. Rc2 {[%clk 0:02:07]} Ba7 {[%clk 0:21:06]} 24. Rc4 {[%clk
0:01:52]} Rfe8 {[%clk 0:20:10]} 25. Ne7+ {[%clk 0:01:04]} Kf8 {[%clk 0:19:59]}
26. Bxb7 {[%clk 0:00:56]} Rad8 {[%clk 0:18:24]} 27. Rxg4 {[%clk 0:01:19]} gxf6
{[%clk 0:16:16]} 28. Nd5 {[%clk 0:01:36]} Re1+ {[%clk 0:13:34]} 29. Kg2 {[%clk
0:01:59]} Re2+ {[%clk 0:13:33]} 30. Kg3 {[%clk 0:02:14]} Rxb2 {[%clk 0:13:24]}
0-1

[Event "DVM U20 2017"]
[Site "Düsseldorf GER"]
[Date "2017.12.28"]
[Round "3"]
[White "Ehmann, Thilo"]
[Black "Heinemann, Josefine"]
[Result "1/2-1/2"]
[Termination "normal"]
[Board "1.2"]
[WhiteTitle "FM"]
[BlackTitle "WIM"]
[WhiteElo "2291"]
[BlackElo "2245"]
[WhiteClock "00:11:38"]
[BlackClock "00:33:23"]
[WhiteTeam "SF Sasbach"]
[BlackTeam "OSG Baden-Baden"]
[PlyCount "97"]
[WhiteFideId "12940968"]
[BlackFideId "12900460"]
[EventCountry "GER"]
[EventRounds "7"]
[EventType "team-swiss"]
[EventDate "2017.12.26"]

1. e4 {[%clk 1:30:56]} e5 {[%clk 1:31:24]} 2. Nf3 {[%clk 1:31:20]} Nc6 {[%clk
1:31:49]} 3. Bc4 {[%clk 1:31:45]} Bc5 {[%clk 1:32:08]} 4. c3 {[%clk 1:32:12]}
Nf6 {[%clk 1:32:01]} 5. d4 {[%clk 1:32:33]} exd4 {[%clk 1:32:25]} 6. cxd4
{[%clk 1:33:00]} Bb4+ {[%clk 1:32:48]} 7. Nbd2 {[%clk 1:33:28]} Bxd2+ {[%clk
1:31:28]} 8. Nxd2 {[%clk 1:33:28]} d5 {[%clk 1:26:47]} 9. exd5 {[%clk 1:33:14]}
Nxd5 {[%clk 1:27:01]} 10. O-O {[%clk 1:30:27]} O-O {[%clk 1:25:41]} 11. Nb3
{[%clk 1:26:56]} Nce7 {[%clk 1:17:01]} 12. Qf3 {[%clk 1:23:26]} c6 {[%clk
1:13:11]} 13. Bd2 {[%clk 1:22:47]} b6 {[%clk 1:08:12]} 14. Rfe1 {[%clk
1:21:46]} Be6 {[%clk 1:06:00]} 15. Bg5 {[%clk 1:19:49]} Re8 {[%clk 1:03:25]}
16. Bd3 {[%clk 1:16:15]} Qd7 {[%clk 1:01:33]} 17. h3 {[%clk 1:11:27]} Nf5
{[%clk 0:55:10]} 18. Re5 {[%clk 1:07:09]} Nd6 {[%clk 0:50:20]} 19. Bd2 {[%clk
0:55:44]} f6 {[%clk 0:45:41]} 20. Re2 {[%clk 0:53:22]} Bf5 {[%clk 0:44:18]} 21.
Rxe8+ {[%clk 0:51:31]} Rxe8 {[%clk 0:44:03]} 22. Bf1 {[%clk 0:51:49]} Bg6
{[%clk 0:42:12]} 23. h4 {[%clk 0:48:48]} Be4 {[%clk 0:38:10]} 24. Qg3 {[%clk
0:47:49]} Ne7 {[%clk 0:36:36]} 25. h5 {[%clk 0:45:08]} Bd5 {[%clk 0:34:33]} 26.
h6 {[%clk 0:43:32]} Nef5 {[%clk 0:32:49]} 27. Qh3 {[%clk 0:43:01]} Re7 {[%clk
0:28:28]} 28. hxg7 {[%clk 0:42:44]} Rxg7 {[%clk 0:28:53]} 29. Bf4 {[%clk
0:30:59]} Ne4 {[%clk 0:26:27]} 30. Bd3 {[%clk 0:27:10]} Nxf2 {[%clk 0:15:17]}
31. Kxf2 {[%clk 0:23:18]} Rxg2+ {[%clk 0:15:41]} 32. Qxg2+ {[%clk 0:17:15]}
Bxg2 {[%clk 0:16:06]} 33. Kxg2 {[%clk 0:11:46]} Nxd4 {[%clk 0:13:46]} 34. Kf2
{[%clk 0:09:44]} Qd5 {[%clk 0:08:11]} 35. Nd2 {[%clk 0:09:18]} Ne6 {[%clk
0:06:31]} 36. Bc4 {[%clk 0:08:58]} Qd4+ {[%clk 0:06:53]} 37. Be3 {[%clk
0:09:24]} Qh4+ {[%clk 0:06:52]} 38. Kg2 {[%clk 0:07:18]} Qg4+ {[%clk 0:07:11]}
39. Kf2 {[%clk 0:06:43]} Qh4+ {[%clk 0:07:07]} 40. Ke2 {[%clk 0:05:35]} Qg4+
{[%clk 0:07:31]} 41. Ke1 {[%clk 0:28:31]} Qg3+ {[%clk 0:38:03]} 42. Bf2 {[%clk
0:28:33]} Qe5+ {[%clk 0:38:16]} 43. Kf1 {[%clk 0:28:34]} Kf8 {[%clk 0:36:03]}
44. Re1 {[%clk 0:22:48]} Qxb2 {[%clk 0:36:23]} 45. Ne4 {[%clk 0:20:58]} Nf4
{[%clk 0:32:24]} 46. Nd6 {[%clk 0:18:57]} Nd5 {[%clk 0:32:40]} 47. Re8+ {[%clk
0:10:56]} Kg7 {[%clk 0:33:05]} 48. Re1 {[%clk 0:11:12]} Kf8 {[%clk 0:33:23]}
49. Re8+ {[%clk 0:11:38]} 1/2-1/2

[Event "DVM U20 2017"]
[Site "Düsseldorf GER"]
[Date "2017.12.28"]
[Round "3"]
[White "Becker, Dirk"]
[Black "Riehle, Marco"]
[Result "1-0"]
[Termination "normal"]
[Board "1.3"]
[BlackTitle "FM"]
[WhiteElo "2258"]
[BlackElo "2280"]
[WhiteClock "00:04:38"]
[BlackClock "00:37:24"]
[WhiteTeam "OSG Baden-Baden"]
[BlackTeam "SF Sasbach"]
[PlyCount "119"]
[WhiteFideId "12938564"]
[BlackFideId "12904392"]
[EventCountry "GER"]
[EventRounds "7"]
[EventType "team-swiss"]
[EventDate "2017.12.26"]

1. d4 {[%clk 1:29:32]} d5 {[%clk 1:29:50]} 2. Bf4 {[%clk 1:28:57]} e6 {[%clk
1:29:51]} 3. e3 {[%clk 1:28:54]} Bd6 {[%clk 1:30:13]} 4. Bg3 {[%clk 1:28:47]}
c5 {[%clk 1:29:20]} 5. c3 {[%clk 1:28:40]} Nf6 {[%clk 1:29:11]} 6. Bd3 {[%clk
1:26:26]} Nc6 {[%clk 1:28:46]} 7. Nf3 {[%clk 1:23:55]} O-O {[%clk 1:28:40]} 8.
Nbd2 {[%clk 1:23:35]} Re8 {[%clk 1:28:47]} 9. Ne5 {[%clk 1:23:50]} Bxe5 {[%clk
1:28:44]} 10. dxe5 {[%clk 1:23:59]} Nd7 {[%clk 1:29:09]} 11. Nf3 {[%clk
1:24:12]} Nf8 {[%clk 1:23:44]} 12. O-O {[%clk 1:22:02]} b6 {[%clk 1:22:37]} 13.
Qe2 {[%clk 1:19:44]} Bb7 {[%clk 1:21:53]} 14. e4 {[%clk 1:15:48]} d4 {[%clk
1:20:03]} 15. Nd2 {[%clk 1:02:10]} Qd7 {[%clk 1:14:14]} 16. Rad1 {[%clk
0:59:56]} Red8 {[%clk 1:06:43]} 17. Nb1 {[%clk 0:49:01]} a6 {[%clk 1:03:43]}
18. f4 {[%clk 0:43:08]} b5 {[%clk 1:01:23]} 19. c4 {[%clk 0:42:20]} Nb4 {[%clk
1:00:43]} 20. Na3 {[%clk 0:37:02]} Nxd3 {[%clk 0:57:17]} 21. Qxd3 {[%clk
0:30:51]} Qc6 {[%clk 0:55:48]} 22. Rfe1 {[%clk 0:29:22]} Nd7 {[%clk 0:50:30]}
23. Nb1 {[%clk 0:19:20]} bxc4 {[%clk 0:50:09]} 24. Qxc4 {[%clk 0:19:17]} Nb6
{[%clk 0:49:15]} 25. Qc1 {[%clk 0:15:44]} a5 {[%clk 0:46:43]} 26. Bf2 {[%clk
0:14:20]} Rac8 {[%clk 0:45:27]} 27. Nd2 d3 {[%clk 0:40:49]} 28. Nf3 {[%clk
0:09:50]} Qa4 {[%clk 0:40:10]} 29. b3 {[%clk 0:07:44]} Qxa2 {[%clk 0:39:44]}
30. Rd2 {[%clk 0:06:49]} Qxb3 {[%clk 0:39:00]} 31. Rb2 {[%clk 0:06:36]} Qa4
{[%clk 0:37:02]} 32. Rxb6 {[%clk 0:06:46]} Bxe4 {[%clk 0:36:49]} 33. Nd2 {[%clk
0:04:04]} Bd5 {[%clk 0:30:09]} 34. Be3 {[%clk 0:03:56]} g6 {[%clk 0:27:14]} 35.
Qc3 {[%clk 0:02:34]} Kg7 {[%clk 0:24:36]} 36. Ra1 {[%clk 0:01:49]} Qc2 {[%clk
0:24:02]} 37. Qxc2 {[%clk 0:01:29]} dxc2 {[%clk 0:24:31]} 38. Rc1 {[%clk
0:01:36]} c4 {[%clk 0:24:50]} 39. Rxc2 {[%clk 0:01:23]} c3 {[%clk 0:25:17]} 40.
Nb1 {[%clk 0:00:36]} Be4 {[%clk 0:25:38]} 41. Rxc3 {[%clk 0:24:51]} Rd1+ {[%clk
0:55:42]} 42. Kf2 {[%clk 0:25:09]} Rcd8 {[%clk 0:54:31]} 43. Na3 {[%clk
0:23:56]} Ra1 {[%clk 0:52:56]} 44. Rb2 {[%clk 0:22:49]} h5 {[%clk 0:52:51]} 45.
Bc5 {[%clk 0:18:01]} Rdd1 {[%clk 0:50:08]} 46. Be7 {[%clk 0:16:43]} g5 {[%clk
0:48:01]} 47. Bxg5 {[%clk 0:15:08]} Kg6 {[%clk 0:47:52]} 48. Nc4 {[%clk
0:13:15]} a4 {[%clk 0:47:11]} 49. Be7 {[%clk 0:12:30]} Rh1 {[%clk 0:45:21]} 50.
Kg3 {[%clk 0:10:53]} Bd5 {[%clk 0:42:37]} 51. Ne3 {[%clk 0:09:40]} Be4 {[%clk
0:41:54]} 52. h3 {[%clk 0:09:29]} Rhe1 {[%clk 0:39:33]} 53. Rb4 {[%clk
0:07:37]} Bf5 {[%clk 0:38:13]} 54. Kh4 {[%clk 0:05:42]} a3 {[%clk 0:36:23]} 55.
Nxf5 {[%clk 0:05:33]} Kxf5 {[%clk 0:36:18]} 56. Kxh5 {[%clk 0:04:44]} Re4
{[%clk 0:36:19]} 57. Rxe4 {[%clk 0:04:20]} Kxe4 {[%clk 0:36:45]} 58. Rxa3
{[%clk 0:04:35]} Rc1 {[%clk 0:37:01]} 59. Kg4 {[%clk 0:04:38]} Rc8 {[%clk
0:37:24]} 60. h4 1-0

[Event "DVM U20 2017"]
[Site "Düsseldorf GER"]
[Date "2017.12.28"]
[Round "3"]
[White "Zimmer, Raphael"]
[Black "Weis, Olga"]
[Result "1/2-1/2"]
[Termination "normal"]
[Board "1.4"]
[WhiteTitle "FM"]
[WhiteElo "2122"]
[BlackElo "1971"]
[WhiteClock "00:54:32"]
[BlackClock "00:18:57"]
[WhiteTeam "SF Sasbach"]
[BlackTeam "OSG Baden-Baden"]
[PlyCount "84"]
[WhiteFideId "12978841"]
[BlackFideId "1270234"]
[EventCountry "GER"]
[EventRounds "7"]
[EventType "team-swiss"]
[EventDate "2017.12.26"]

1. e4 {[%clk 1:30:58]} e5 {[%clk 1:30:53]} 2. Nf3 {[%clk 1:31:18]} Nc6 {[%clk
1:31:07]} 3. Bc4 {[%clk 1:31:28]} Nf6 {[%clk 1:30:33]} 4. d4 {[%clk 1:31:31]}
exd4 {[%clk 1:30:37]} 5. e5 {[%clk 1:31:36]} Ng4 {[%clk 1:30:34]} 6. Qe2 {[%clk
1:31:41]} Qe7 {[%clk 1:29:58]} 7. Bf4 {[%clk 1:31:30]} f6 {[%clk 1:29:08]} 8.
exf6 {[%clk 1:30:08]} Nxf6 {[%clk 1:28:19]} 9. Nbd2 {[%clk 1:26:26]} Qxe2+
{[%clk 1:26:26]} 10. Bxe2 {[%clk 1:24:46]} d6 {[%clk 1:23:48]} 11. O-O-O {[%clk
1:23:01]} Bf5 {[%clk 1:19:24]} 12. Bb5 {[%clk 1:19:34]} O-O-O {[%clk 1:16:09]}
13. Rhe1 {[%clk 1:18:32]} d3 {[%clk 1:05:58]} 14. c3 {[%clk 1:16:17]} h6 {[%clk
0:54:07]} 15. Nf1 {[%clk 1:07:33]} g5 {[%clk 0:43:01]} 16. Be3 {[%clk 1:05:00]}
a6 {[%clk 0:40:04]} 17. Bxc6 {[%clk 1:03:28]} bxc6 {[%clk 0:40:07]} 18. Bd4
{[%clk 1:03:51]} Bg7 {[%clk 0:39:51]} 19. Re7 {[%clk 1:04:12]} c5 {[%clk
0:39:16]} 20. Rxg7 {[%clk 1:01:04]} cxd4 {[%clk 0:39:07]} 21. Nxd4 {[%clk
1:01:24]} Be4 {[%clk 0:36:21]} 22. f3 {[%clk 1:01:16]} Bd5 {[%clk 0:33:30]} 23.
Ne3 {[%clk 0:56:01]} Bxa2 {[%clk 0:27:01]} 24. c4 {[%clk 0:53:35]} d5 {[%clk
0:24:48]} 25. c5 {[%clk 0:53:05]} Bc4 {[%clk 0:23:07]} 26. b3 {[%clk 0:48:21]}
Bb5 {[%clk 0:23:00]} 27. Nxb5 {[%clk 0:48:25]} axb5 {[%clk 0:23:23]} 28. Rxd3
{[%clk 0:48:30]} Nh5 {[%clk 0:21:55]} 29. Rf7 {[%clk 0:48:02]} Nf4 {[%clk
0:21:29]} 30. Rd2 {[%clk 0:47:11]} d4 {[%clk 0:17:59]} 31. Nf5 {[%clk 0:45:19]}
d3 {[%clk 0:16:17]} 32. g3 {[%clk 0:34:29]} Ne2+ {[%clk 0:13:24]} 33. Kb2
{[%clk 0:34:16]} Rhe8 {[%clk 0:07:03]} 34. Re7 {[%clk 0:31:32]} Rxe7 {[%clk
0:04:27]} 35. Nxe7+ {[%clk 0:31:38]} Kd7 {[%clk 0:02:49]} 36. Rxd3+ {[%clk
0:30:26]} Kxe7 {[%clk 0:03:02]} 37. Re3+ {[%clk 0:30:49]} Kf6 {[%clk 0:03:22]}
38. Rxe2 {[%clk 0:31:12]} Rd3 {[%clk 0:03:26]} 39. Rf2 {[%clk 0:29:31]} b4
{[%clk 0:01:14]} 40. f4 {[%clk 0:28:43]} g4 {[%clk 0:00:38]} 41. Re2 {[%clk
0:28:04]} Rf3 {[%clk 0:20:53]} 42. Rd2 {[%clk 0:54:32]} Ke6 {[%clk 0:18:57]}
1/2-1/2

[Event "DVM U20 2017"]
[Site "Düsseldorf GER"]
[Date "2017.12.28"]
[Round "3"]
[White "Jurga, Jonas Vincent"]
[Black "Ehmann, Johanna"]
[Result "1/2-1/2"]
[Termination "normal"]
[Board "1.5"]
[WhiteElo "1898"]
[BlackElo "1819"]
[WhiteClock "00:26:28"]
[BlackClock "00:04:21"]
[WhiteTeam "OSG Baden-Baden"]
[BlackTeam "SF Sasbach"]
[PlyCount "69"]
[WhiteFideId "12968013"]
[BlackFideId "12953130"]
[EventCountry "GER"]
[EventRounds "7"]
[EventType "team-swiss"]
[EventDate "2017.12.26"]

1. e4 {[%clk 1:30:58]} e5 {[%clk 1:30:53]} 2. Nf3 {[%clk 1:31:21]} Nc6 {[%clk
1:31:16]} 3. Nc3 {[%clk 1:31:44]} Nf6 {[%clk 1:31:14]} 4. Bb5 {[%clk 1:31:29]}
Bc5 {[%clk 1:28:13]} 5. O-O {[%clk 1:30:09]} d6 {[%clk 1:25:42]} 6. h3 {[%clk
1:26:34]} O-O {[%clk 1:23:11]} 7. d3 {[%clk 1:26:37]} h6 {[%clk 1:18:28]} 8.
Be3 {[%clk 1:26:39]} Bb6 {[%clk 1:17:38]} 9. Ne2 {[%clk 1:24:53]} Ne7 {[%clk
1:16:55]} 10. Ng3 {[%clk 1:23:30]} Ng6 {[%clk 1:16:09]} 11. c3 {[%clk 1:22:13]}
c6 {[%clk 1:14:46]} 12. Ba4 {[%clk 1:21:20]} d5 {[%clk 1:13:49]} 13. exd5
{[%clk 1:18:14]} cxd5 {[%clk 1:12:30]} 14. Bxb6 {[%clk 1:13:29]} Qxb6 {[%clk
1:12:28]} 15. Bb3 {[%clk 1:13:45]} e4 {[%clk 1:09:08]} 16. Nd4 {[%clk 1:09:33]}
Nf4 {[%clk 1:05:12]} 17. dxe4 {[%clk 1:09:42]} dxe4 {[%clk 1:02:51]} 18. Qd2
{[%clk 1:06:42]} Ne6 {[%clk 0:53:38]} 19. Bxe6 {[%clk 1:04:32]} Bxe6 {[%clk
0:52:02]} 20. Rfe1 {[%clk 1:03:32]} Bd5 {[%clk 0:48:51]} 21. Ngf5 {[%clk
1:01:53]} Rad8 {[%clk 0:47:32]} 22. Nxg7 {[%clk 0:48:59]} Kxg7 {[%clk 0:45:12]}
23. Nf5+ {[%clk 0:49:24]} Kg6 {[%clk 0:43:35]} 24. g4 {[%clk 0:49:44]} Ng8
{[%clk 0:40:49]} 25. Qf4 {[%clk 0:46:59]} Qxb2 {[%clk 0:28:50]} 26. Qe5 {[%clk
0:41:40]} f6 {[%clk 0:25:37]} 27. Nh4+ {[%clk 0:41:23]} Kf7 {[%clk 0:20:06]}
28. Qc7+ {[%clk 0:36:58]} Ke8 {[%clk 0:18:42]} 29. Nf5 {[%clk 0:35:22]} Rf7
{[%clk 0:16:16]} 30. Ng7+ {[%clk 0:33:56]} Rxg7 {[%clk 0:15:38]} 31. Qxg7
{[%clk 0:34:06]} Qxc3 {[%clk 0:12:37]} 32. Qg6+ {[%clk 0:32:51]} Kf8 {[%clk
0:12:15]} 33. Rac1 {[%clk 0:31:18]} Qe5 {[%clk 0:07:35]} 34. Qh7 {[%clk
0:26:47]} Qe7 {[%clk 0:04:21]} 35. Qf5 {[%clk 0:26:28]} 1/2-1/2

[Event "DVM U20 2017"]
[Site "Düsseldorf GER"]
[Date "2017.12.28"]
[Round "3"]
[White "Schneider, Edward"]
[Black "Visvikis, Christos"]
[Result "0-1"]
[Termination "normal"]
[Board "1.6"]
[WhiteElo "1673"]
[BlackElo "1882"]
[WhiteClock "00:01:50"]
[BlackClock "00:14:51"]
[WhiteTeam "SF Sasbach"]
[BlackTeam "OSG Baden-Baden"]
[PlyCount "66"]
[WhiteFideId "16200870"]
[BlackFideId "12967955"]
[EventCountry "GER"]
[EventRounds "7"]
[EventType "team-swiss"]
[EventDate "2017.12.26"]

1. e4 {[%clk 1:30:57]} c5 {[%clk 1:30:56]} 2. Nf3 {[%clk 1:31:23]} d6 {[%clk
1:31:22]} 3. d4 {[%clk 1:31:47]} cxd4 {[%clk 1:31:46]} 4. Nxd4 {[%clk 1:32:12]}
Nf6 {[%clk 1:32:09]} 5. f3 {[%clk 1:32:27]} e5 {[%clk 1:32:31]} 6. Nb3 {[%clk
1:32:40]} a6 {[%clk 1:32:50]} 7. c4 {[%clk 1:32:45]} Be6 {[%clk 1:33:01]} 8.
Nc3 {[%clk 1:32:00]} Nbd7 {[%clk 1:33:11]} 9. Be3 {[%clk 1:31:32]} Rc8 {[%clk
1:29:31]} 10. Nd5 {[%clk 1:27:21]} Bxd5 {[%clk 1:29:45]} 11. cxd5 {[%clk
1:27:19]} Be7 {[%clk 1:29:30]} 12. Be2 {[%clk 1:26:22]} O-O {[%clk 1:29:52]}
13. O-O {[%clk 1:26:22]} Ne8 {[%clk 1:28:56]} 14. Qd2 {[%clk 1:24:42]} f5
{[%clk 1:18:24]} 15. Rac1 {[%clk 1:12:59]} Rxc1 {[%clk 1:17:57]} 16. Rxc1
{[%clk 1:13:01]} f4 {[%clk 1:18:23]} 17. Bf2 {[%clk 1:12:50]} Bh4 {[%clk
1:11:17]} 18. Bxh4 {[%clk 1:04:09]} Qxh4 {[%clk 1:11:37]} 19. Qb4 {[%clk
1:02:58]} Ndf6 {[%clk 1:05:54]} 20. Qxb7 {[%clk 0:56:36]} g5 {[%clk 1:06:18]}
21. Nd2 {[%clk 0:48:38]} h5 {[%clk 0:55:43]} 22. Qxa6 {[%clk 0:23:29]} g4
{[%clk 0:54:58]} 23. Qd3 {[%clk 0:21:01]} Nh7 {[%clk 0:53:10]} 24. b4 {[%clk
0:09:56]} Ng5 {[%clk 0:52:44]} 25. Bf1 {[%clk 0:09:03]} Kh8 {[%clk 0:51:55]}
26. Qe2 {[%clk 0:07:00]} Rg8 {[%clk 0:50:45]} 27. Kh1 {[%clk 0:07:17]} Nf6
{[%clk 0:47:36]} 28. b5 {[%clk 0:05:16]} gxf3 {[%clk 0:16:28]} 29. Nxf3 {[%clk
0:04:27]} Nxf3 {[%clk 0:16:53]} 30. gxf3 {[%clk 0:03:46]} Ng4 {[%clk 0:14:50]}
31. Rc2 {[%clk 0:02:01]} Ne3 {[%clk 0:14:46]} 32. Rb2 {[%clk 0:01:48]} Qg5
{[%clk 0:14:26]} 33. Qf2 {[%clk 0:01:50]} Nd1 {[%clk 0:14:51]} 0-1

[Event "DVM U20 2017"]
[Site "Düsseldorf GER"]
[Date "2017.12.28"]
[Round "3"]
[White "Köllner, Ruben Gideon"]
[Black "Pluska, Alexander"]
[Result "1/2-1/2"]
[Termination "normal"]
[Board "2.1"]
[WhiteElo "2147"]
[BlackElo "2196"]
[WhiteClock "00:31:27"]
[BlackClock "00:22:25"]
[WhiteTeam "SG Bochum"]
[BlackTeam "SK Doppelbauer Kiel"]
[PlyCount "118"]
[WhiteFideId "12993093"]
[BlackFideId "12975141"]
[EventCountry "GER"]
[EventRounds "7"]
[EventType "team-swiss"]
[EventDate "2017.12.26"]

1. d4 {[%clk 1:30:59]} e6 {[%clk 1:30:49]} 2. Nf3 {[%clk 1:31:21]} b6 {[%clk
1:31:11]} 3. e4 {[%clk 1:31:39]} Bb7 {[%clk 1:31:36]} 4. Bd3 {[%clk 1:32:06]}
Nf6 {[%clk 1:31:57]} 5. Nbd2 {[%clk 1:32:30]} c5 {[%clk 1:32:15]} 6. c3 {[%clk
1:32:53]} d6 {[%clk 1:32:20]} 7. O-O {[%clk 1:33:14]} Be7 {[%clk 1:32:46]} 8.
Re1 {[%clk 1:32:47]} O-O {[%clk 1:32:58]} 9. a3 {[%clk 1:32:57]} Nbd7 {[%clk
1:32:30]} 10. b4 {[%clk 1:31:46]} Rc8 {[%clk 1:29:56]} 11. Nf1 {[%clk 1:24:28]}
Re8 {[%clk 1:29:15]} 12. Ng3 {[%clk 1:23:42]} Bf8 {[%clk 1:28:05]} 13. e5
{[%clk 1:19:05]} dxe5 {[%clk 1:24:52]} 14. dxe5 {[%clk 1:19:28]} c4 {[%clk
1:24:38]} 15. Bc2 {[%clk 1:16:45]} Bxf3 {[%clk 1:22:52]} 16. Qxf3 {[%clk
1:17:05]} Nd5 {[%clk 1:22:59]} 17. Bd2 {[%clk 1:12:35]} g6 {[%clk 1:17:19]} 18.
Qe2 {[%clk 1:12:25]} Bg7 {[%clk 1:15:14]} 19. f4 {[%clk 1:12:37]} f5 {[%clk
1:15:13]} 20. Qf3 {[%clk 1:05:15]} Nb8 {[%clk 0:49:50]} 21. Red1 {[%clk
1:01:55]} Qc7 {[%clk 0:48:45]} 22. Ne2 {[%clk 1:01:47]} Rcd8 {[%clk 0:40:35]}
23. Be1 {[%clk 0:57:35]} g5 {[%clk 0:34:27]} 24. g3 {[%clk 0:47:57]} g4 {[%clk
0:34:29]} 25. Qf2 {[%clk 0:48:15]} Nc6 {[%clk 0:28:34]} 26. Nd4 {[%clk
0:44:58]} Nxd4 {[%clk 0:28:45]} 27. Rxd4 {[%clk 0:45:19]} b5 {[%clk 0:15:47]}
28. a4 {[%clk 0:40:34]} a6 {[%clk 0:15:33]} 29. Rdd1 {[%clk 0:39:15]} Qc6
{[%clk 0:13:32]} 30. Ra3 {[%clk 0:29:04]} Bf8 {[%clk 0:11:50]} 31. Rda1 {[%clk
0:28:12]} Ra8 {[%clk 0:10:52]} 32. Bd1 {[%clk 0:26:30]} Reb8 {[%clk 0:09:53]}
33. Be2 {[%clk 0:24:03]} Be7 {[%clk 0:05:36]} 34. Bf1 {[%clk 0:23:27]} Bd8
{[%clk 0:04:52]} 35. a5 {[%clk 0:23:45]} Rb7 {[%clk 0:04:46]} 36. Bg2 {[%clk
0:23:06]} Rd7 {[%clk 0:04:56]} 37. Qc2 {[%clk 0:22:25]} Bc7 {[%clk 0:04:38]}
38. Bf2 {[%clk 0:21:45]} Rad8 {[%clk 0:04:57]} 39. Rc1 {[%clk 0:21:08]} Bb8
{[%clk 0:04:53]} 40. Raa1 {[%clk 0:20:03]} Qc7 {[%clk 0:05:07]} 41. Rd1 {[%clk
0:07:52]} Ba7 {[%clk 0:04:56]} 42. Bxd5 {[%clk 0:06:46]} Rxd5 {[%clk 0:05:09]}
43. Rxd5 {[%clk 0:06:46]} Rxd5 {[%clk 0:05:22]} 44. Rd1 {[%clk 0:05:50]} Bxf2+
{[%clk 0:05:14]} 45. Kxf2 {[%clk 0:06:12]} Qd7 {[%clk 0:04:48]} 46. Rxd5 {[%clk
0:04:07]} Qxd5 {[%clk 0:05:14]} 47. Kg1 {[%clk 0:00:47]} Kf7 {[%clk 0:27:31]}
48. Qf2 {[%clk 0:29:39]} Qd1+ {[%clk 0:27:36]} 49. Kg2 {[%clk 0:29:58]} Qd5+
{[%clk 0:28:03]} 50. Kg1 {[%clk 0:30:21]} Qd7 {[%clk 0:21:15]} 51. Qb6 {[%clk
0:28:46]} Qd1+ {[%clk 0:21:12]} 52. Kg2 {[%clk 0:29:06]} Qe2+ {[%clk 0:21:35]}
53. Kg1 {[%clk 0:29:21]} Qd1+ {[%clk 0:22:02]} 54. Kg2 {[%clk 0:29:45]} Qd2+
{[%clk 0:20:49]} 55. Kg1 {[%clk 0:30:08]} Qxc3 {[%clk 0:20:41]} 56. Qc7+ {[%clk
0:30:26]} Kg6 {[%clk 0:21:03]} 57. Qe7 {[%clk 0:30:40]} Qe1+ {[%clk 0:21:30]}
58. Kg2 {[%clk 0:31:04]} Qe2+ {[%clk 0:21:57]} 59. Kg1 {[%clk 0:31:27]} Qe1+
{[%clk 0:22:25]} 1/2-1/2

[Event "DVM U20 2017"]
[Site "Düsseldorf GER"]
[Date "2017.12.28"]
[Round "3"]
[White "Beeck, Mats"]
[Black "Stricker, Florian"]
[Result "1/2-1/2"]
[Termination "normal"]
[Board "2.2"]
[WhiteElo "2106"]
[BlackElo "2080"]
[WhiteClock "00:08:28"]
[BlackClock "00:05:10"]
[WhiteTeam "SK Doppelbauer Kiel"]
[BlackTeam "SG Bochum"]
[PlyCount "68"]
[WhiteFideId "12936944"]
[BlackFideId "12976385"]
[EventCountry "GER"]
[EventRounds "7"]
[EventType "team-swiss"]
[EventDate "2017.12.26"]

1. Nf3 {[%clk 1:30:20]} d5 {[%clk 1:30:36]} 2. c4 {[%clk 1:29:43]} c6 {[%clk
1:30:15]} 3. e3 {[%clk 1:25:22]} Nf6 {[%clk 1:29:54]} 4. Nc3 {[%clk 1:25:32]}
g6 {[%clk 1:26:06]} 5. d4 {[%clk 1:22:41]} Bg7 {[%clk 1:26:12]} 6. Bd3 {[%clk
1:22:12]} O-O {[%clk 1:25:50]} 7. O-O {[%clk 1:22:32]} Nbd7 {[%clk 1:20:43]} 8.
Bd2 {[%clk 1:20:41]} Re8 {[%clk 1:12:31]} 9. cxd5 {[%clk 1:17:30]} cxd5 {[%clk
1:11:26]} 10. Rc1 {[%clk 1:11:47]} a6 {[%clk 1:05:06]} 11. Qb3 {[%clk 0:57:27]}
e6 {[%clk 1:02:49]} 12. Rfd1 {[%clk 0:55:17]} Bf8 {[%clk 0:48:43]} 13. e4
{[%clk 0:51:27]} dxe4 {[%clk 0:40:20]} 14. Nxe4 {[%clk 0:51:49]} Nxe4 {[%clk
0:33:56]} 15. Bxe4 {[%clk 0:52:11]} Qb6 {[%clk 0:28:34]} 16. Qxb6 {[%clk
0:37:03]} Nxb6 {[%clk 0:28:12]} 17. Ne5 {[%clk 0:37:21]} Nd5 {[%clk 0:24:40]}
18. h4 {[%clk 0:30:39]} a5 {[%clk 0:13:23]} 19. Ng4 {[%clk 0:24:54]} h5 {[%clk
0:10:59]} 20. Ne5 {[%clk 0:22:39]} b5 {[%clk 0:09:35]} 21. Bg5 {[%clk 0:21:17]}
b4 {[%clk 0:07:37]} 22. g4 {[%clk 0:19:08]} hxg4 {[%clk 0:05:18]} 23. Nxg4
{[%clk 0:17:56]} Bg7 {[%clk 0:05:42]} 24. Nf6+ {[%clk 0:10:40]} Bxf6 {[%clk
0:05:17]} 25. Bxf6 {[%clk 0:11:08]} Ba6 {[%clk 0:05:24]} 26. Be5 {[%clk
0:10:45]} Rac8 {[%clk 0:04:53]} 27. Kh2 {[%clk 0:08:53]} f5 {[%clk 0:03:53]}
28. Bxd5 {[%clk 0:08:13]} exd5 {[%clk 0:04:20]} 29. Rg1 {[%clk 0:07:11]} Rxc1
{[%clk 0:03:15]} 30. Rxc1 {[%clk 0:07:39]} Rc8 {[%clk 0:03:34]} 31. Rxc8+
{[%clk 0:07:27]} Bxc8 {[%clk 0:04:01]} 32. b3 {[%clk 0:07:50]} Ba6 {[%clk
0:04:28]} 33. Bc7 {[%clk 0:08:11]} Bd3 {[%clk 0:04:50]} 34. Bxa5 {[%clk
0:08:28]} Bb1 {[%clk 0:05:10]} 1/2-1/2